[Event "RUS-chT Higher League 2021"]
[Site "Sochi"]
[Date "2021.05.09"]
[Round "8.4"]
[White "Gutenev, Alexander"]
[Black "Garifullina, Leya"]
[Result "1/2-1/2"]
[WhiteElo "2431"]
[BlackElo "2386"]
[Annotator "NA"]
[PlyCount "49"]
[EventDate "2021.05.01"]
[EventType "team-tourn"]
[EventCountry "RUS"]
[SourceTitle "playchess.com"]
[Source "ChessBase"]
[SourceQuality "1"]
[TimeControl "40/5400+30:1800+30"]

1. e4 {[%emt 0:00:00]} c5 {[%emt 0:00:00]} 2. Nf3 {[%emt 0:00:00]} d6 {[%emt 0:00:00]} 3. d4 {[%emt 0:00:28]} cxd4 {[%emt 0:00:00]} 4. Qxd4 {[%emt 0:00:15]} Nc6 {[%emt 0:01:48]} 5. Qe3 {[%emt 0:00:28]} Nf6 {[%emt 0:04:12]} 6. Be2 {[%emt 0:00:17]} g6 {[%emt 0:04:19]} 7. O-O {[%emt 0:00:41]} Bg7 {[%emt 0:00:11]} 8. Rd1 {[%emt 0:00:22]} O-O {[%emt 0:08:59]} 9. Nc3 {[%emt 0:00:12]} a6 {[%emt 0:04:41]} 10. Nd5 {[%emt 0:01:25]} Nd7 {[%emt 0:01:18]} 11. c3 {[%emt 0:01:44]} e6 {[%emt 0:11:30]} 12. Nf4 {[%emt 0:01:46]} Qc7 {[%emt 0:01:58]} 13. Nd3 {[%emt 0:17:17]} b5 {[%emt 0:05:35]} 14. Qf4 {[%emt 0:12:13]} e5 {[%emt 0:08:41]} 15. Qh4 {[%emt 0:09:02]} f6 {[%emt 0:15:38]} 16. Bh6 {[%emt 0:07:11]} Ne7 {[%emt 0:02:05]} 17. Bxg7 {[%emt 0:06:21]} Kxg7 {[%emt 0:00:05]} 18. Nd2 {[%emt 0:03:37]} Bb7 {[%emt 0:04:32]} 19. Rac1 {[%emt 0:04:10]} d5 {[%emt 0:02:53]} 20. exd5 {[%emt 0:00:38]} Bxd5 {[%emt 0:00:16]} 21. c4 {[%emt 0:05:13]} bxc4 {[%emt 0:00:21]} 22. Nb4 {[%emt 0:00:04]} Nb6 {[%emt 0:04:34]} 23. Nxd5 {[%emt 0:04:23]} Nbxd5 {[%emt 0:00:51]} 24. Bf3 {[%emt 0:02:57]} c3 {[%emt 0:02:07]} 25. bxc3 {[%emt 0:01:30]} 1/2-1/2

[Event "RUS-chT Higher League 2021"]
[Site "Sochi"]
[Date "2021.05.09"]
[Round "8.5"]
[White "Belyakov, Bogdan"]
[Black "Kezin, Roman"]
[Result "1/2-1/2"]
[WhiteElo "2459"]
[BlackElo "2472"]
[Annotator "ChessBase"]
[PlyCount "54"]
[EventDate "2021.05.01"]
[EventType "team-tourn"]
[EventCountry "RUS"]
[SourceTitle "playchess.com"]
[Source "ChessBase"]
[SourceQuality "1"]
[TimeControl "40/5400+30:1800+30"]

1. e4 {[%emt 0:00:00]} c5 {[%emt 0:00:00]} 2. Nf3 {[%emt 0:00:00]} Nc6 {[%emt 0:00:07]} 3. c3 {[%emt 0:02:38]} Nf6 {[%emt 0:01:48]} 4. e5 {[%emt 0:02:27]} Nd5 {[%emt 0:00:07]} 5. d4 {[%emt 0:02:40]} cxd4 {[%emt 0:00:14]} 6. cxd4 {[%emt 0:00:04]} d6 {[%emt 0:00:08]} 7. Bc4 {[%emt 0:00:06]} Nb6 {[%emt 0:00:06]} 8. Bb5 {[%emt 0:00:18]} Bd7 {[%emt 0:00:09]} 9. Nc3 {[%emt 0:00:12]} dxe5 {[%emt 0:00:08]} 10. dxe5 {[%emt 0:01:23]} g6 {[%emt 0:00:08]} 11. O-O {[%emt 0:02:45]} Bg7 {[%emt 0:00:29]} 12. Qe2 {[%emt 0:00:23]} O-O {[%emt 0:00:09]} 13. Rd1 {[%emt 0:00:15]} Qc7 {[%emt 0:03:44]} 14. a4 {[%emt 0:01:17]} Nxe5 {[%emt 0:05:30]} 15. Bxd7 {[%emt 0:07:40]} Nxf3+ {[%emt 0:00:55]} 16. Qxf3 {[%emt 0:00:14]} Nxd7 {[%emt 0:00:04]} 17. Nd5 {[%emt 0:00:23]} Qe5 {[%emt 0:00:23]} 18. Bf4 {[%emt 0:02:34]} Qxb2 {[%emt 0:00:27]} 19. Rab1 {[%emt 0:00:08]} Qa2 {[%emt 0:00:04]} 20. Rxb7 {[%emt 0:03:05]} Nc5 {[%emt 0:00:15]} 21. Rxe7 {[%emt 0:01:13]} Ne6 {[%emt 0:06:35]} 22. Be3 {[%emt 0:03:17]} Qxa4 {[%emt 0:02:21]} 23. h3 {[%emt 0:18:49]} Kh8 {[%emt 0:45:25]} 24. Nf6 {[%emt 0:18:10]} Qh4 {[%emt 0:04:21]} 25. Nd5 {[%emt 0:03:27]} Qa4 {[%emt 0:05:53]} 26. Nf6 {[%emt 0:04:38]} Qh4 {[%emt 0:00:11]} 27. Nd5 {[%emt 0:00:05]} Qa4 {[%emt 0:00:07]} 1/2-1/2

[Event "RUS-chT Higher League 2021"]
[Site "Sochi"]
[Date "2021.05.09"]
[Round "8.6"]
[White "Obgolts, Erik"]
[Black "Derjabin, Ilja"]
[Result "1-0"]
[WhiteElo "2414"]
[BlackElo "2333"]
[Annotator "NA"]
[PlyCount "83"]
[EventDate "2021.05.01"]
[EventType "team-tourn"]
[EventCountry "RUS"]
[SourceTitle "playchess.com"]
[Source "ChessBase"]
[SourceQuality "1"]
[TimeControl "40/5400+30:1800+30"]

1. e4 {[%emt 0:00:00]} c5 {[%emt 0:00:30]} 2. Nf3 {[%emt 0:00:00]} d6 {[%emt 0:00:18]} 3. d4 {[%emt 0:00:00]} cxd4 {[%emt 0:00:08]} 4. Nxd4 {[%emt 0:00:00]} Nf6 {[%emt 0:00:11]} 5. Nc3 {[%emt 0:00:00]} a6 {[%emt 0:00:08]} 6. Be3 {[%emt 0:00:00]} e5 {[%emt 0:01:21]} 7. Nf3 {[%emt 0:00:01]} Be7 {[%emt 0:02:37]} 8. Bc4 {[%emt 0:01:58]} O-O {[%emt 0:01:05]} 9. O-O {[%emt 0:00:07]} Nc6 {[%emt 0:03:20]} 10. Qe2 {[%emt 0:00:17]} Bg4 {[%emt 0:16:59]} 11. Nd5 {[%emt 0:17:11]} Nxd5 {[%emt 0:08:42]} 12. Bxd5 {[%emt 0:00:08]} Nd4 {[%emt 0:05:40]} 13. Bxd4 {[%emt 0:00:11]} exd4 {[%emt 0:00:06]} 14. Bxb7 {[%emt 0:16:20]} Rb8 {[%emt 0:00:32]} 15. Bxa6 {[%emt 0:00:10]} Rxb2 {[%emt 0:00:10]} 16. Bd3 {[%emt 0:05:08]} Qa5 {[%emt 0:04:49]} 17. a4 {[%emt 0:06:01]} Bf6 {[%emt 0:05:19]} 18. h3 {[%emt 0:01:32]} Be6 {[%emt 0:08:13]} 19. Qd2 {[%emt 0:16:42]} Qc5 {[%emt 0:28:11]} 20. Rfb1 {[%emt 0:04:17]} Rxb1+ {[%emt 0:00:27]} 21. Rxb1 {[%emt 0:00:02]} Ra8 {[%emt 0:00:21]} 22. a5 {[%emt 0:05:56]} h6 {[%emt 0:00:24]} 23. a6 {[%emt 0:01:18]} Bc4 {[%emt 0:00:45]} 24. Ra1 {[%emt 0:01:24]} Ra7 {[%emt 0:04:58]} 25. Bxc4 {[%emt 0:01:34]} Qxc4 {[%emt 0:00:09]} 26. Qd3 {[%emt 0:00:06]} Qxd3 {[%emt 0:01:15]} 27. cxd3 {[%emt 0:00:04]} Kf8 {[%emt 0:00:04]} 28. Nd2 {[%emt 0:08:30]} Ke7 {[%emt 0:00:24]} 29. Nc4 {[%emt 0:00:08]} Kd7 {[%emt 0:00:25]} 30. f4 {[%emt 0:00:52]} Kc6 {[%emt 0:00:46]} 31. Kf2 {[%emt 0:01:16]} Be7 {[%emt 0:00:15]} 32. Kf3 {[%emt 0:00:45]} Kb5 {[%emt 0:01:33]} 33. Rb1+ {[%emt 0:00:24]} Kc6 {[%emt 0:00:18]} 34. Na5+ {[%emt 0:01:16]} Kc7 {[%emt 0:00:19]} 35. Rc1+ {[%emt 0:01:33]} Kd7 {[%emt 0:01:04]} 36. Nc6 {[%emt 0:00:27]} Ra8 {[%emt 0:00:41]} 37. Nxe7 {[%emt 0:01:26]} Kxe7 {[%emt 0:00:11]} 38. Ra1 {[%emt 0:00:02]} Ra7 {[%emt 0:00:52]} 39. e5 {[%emt 0:00:06]} d5 {[%emt 0:00:12]} 40. f5 {[%emt 0:00:00]} f6 {[%emt 0:00:00]} 41. e6 {[%emt 0:00:55]} Kd6 {[%emt 0:00:34]} 42. Kg4 {[%emt 0:00:24]} 1-0

[Event "RUS-chT Higher League 2021"]
[Site "Sochi"]
[Date "2021.05.09"]
[Round "8.7"]
[White "Sergeyev, Alexander"]
[Black "Ovod, Evgenija"]
[Result "1-0"]
[WhiteElo "2357"]
[BlackElo "2341"]
[Annotator "NA"]
[PlyCount "113"]
[EventDate "2021.05.01"]
[EventType "team-tourn"]
[EventCountry "RUS"]
[SourceTitle "playchess.com"]
[Source "ChessBase"]
[SourceQuality "1"]
[TimeControl "40/5400+30:1800+30"]

1. d4 {[%emt 0:00:00]} Nf6 {[%emt 0:00:00]} 2. Nf3 {[%emt 0:00:00]} d5 {[%emt 0:00:00]} 3. Bg5 {[%emt 0:03:09]} e6 {[%emt 0:03:37]} 4. e3 {[%emt 0:01:50]} Be7 {[%emt 0:00:16]} 5. c4 {[%emt 0:00:50]} h6 {[%emt 0:00:58]} 6. Bh4 {[%emt 0:02:37]} O-O {[%emt 0:03:27]} 7. Nc3 {[%emt 0:00:24]} b6 {[%emt 0:00:26]} 8. cxd5 {[%emt 0:00:35]} exd5 {[%emt 0:01:10]} 9. Bd3 {[%emt 0:04:30]} Bb7 {[%emt 0:01:54]} 10. O-O {[%emt 0:04:28]} Ne4 {[%emt 0:13:27]} 11. Bxe7 {[%emt 0:03:33]} Qxe7 {[%emt 0:00:05]} 12. Qb3 {[%emt 0:02:43]} Rd8 {[%emt 0:19:09]} 13. Rfd1 {[%emt 0:03:22]} Rd6 {[%emt 0:13:33]} 14. Rac1 {[%emt 0:03:52]} a6 {[%emt 0:01:44]} 15. Ne5 {[%emt 0:03:10]} Nxc3 {[%emt 0:10:35]} 16. Rxc3 {[%emt 0:02:45]} Ra7 {[%emt 0:05:11]} 17. Rdc1 {[%emt 0:07:11]} Ba8 {[%emt 0:02:05]} 18. Qc2 {[%emt 0:07:44]} c6 {[%emt 0:00:04]} 19. b4 {[%emt 0:01:13]} Rd8 {[%emt 0:07:29]} 20. Qb1 {[%emt 0:11:24]} Qd6 {[%emt 0:00:23]} 21. a4 {[%emt 0:02:03]} Re7 {[%emt 0:00:33]} 22. a5 {[%emt 0:02:21]} b5 {[%emt 0:00:14]} 23. Bf5 {[%emt 0:03:56]} Bb7 {[%emt 0:01:35]} 24. g3 {[%emt 0:00:58]} g6 {[%emt 0:01:21]} 25. Bh3 {[%emt 0:01:08]} Kg7 {[%emt 0:00:57]} 26. Bg2 {[%emt 0:01:08]} f5 {[%emt 0:01:44]} 27. h4 {[%emt 0:00:23]} Qf6 {[%emt 0:02:04]} 28. Bf1 {[%emt 0:03:14]} Rd6 {[%emt 0:02:21]} 29. Qc2 {[%emt 0:00:36]} Rc7 {[%emt 0:03:29]} 30. Bd3 {[%emt 0:02:01]} h5 {[%emt 0:03:12]} 31. Bf1 {[%emt 0:03:20]} Nd7 {[%emt 0:00:15]} 32. Nd3 {[%emt 0:00:29]} g5 {[%emt 0:00:33]} 33. hxg5 {[%emt 0:04:44]} Qxg5 {[%emt 0:00:04]} 34. Ne1 {[%emt 0:00:18]} Kf6 {[%emt 0:02:19]} 35. Nf3 {[%emt 0:01:35]} Qg4 {[%emt 0:00:12]} 36. Kg2 {[%emt 0:01:10]} Nf8 {[%emt 0:00:48]} 37. Bd3 {[%emt 0:00:55]} Ng6 {[%emt 0:00:35]} 38. Rh1 {[%emt 0:00:59]} Rg7 {[%emt 0:00:02]} 39. Be2 {[%emt 0:04:05]} h4 {[%emt 0:00:47]} 40. Ne5 {[%emt 0:00:00]} Qg5 {[%emt 0:00:00]} 41. Kf1 {[%emt 0:09:38]} Rd8 {[%emt 0:10:20]} 42. Nf3 {[%emt 0:06:00]} Qg4 {[%emt 0:02:14]} 43. Nxh4 {[%emt 0:06:10]} Qe4 {[%emt 0:00:06]} 44. Nf3 {[%emt 0:00:53]} Rh8 {[%emt 0:03:54]} 45. Rxh8 {[%emt 0:00:08]} Nxh8 {[%emt 0:00:02]} 46. Qxe4 {[%emt 0:01:13]} fxe4 {[%emt 0:00:07]} 47. Ne5 {[%emt 0:00:13]} Ng6 {[%emt 0:00:11]} 48. Nxg6 {[%emt 0:01:17]} Rxg6 {[%emt 0:00:55]} 49. Kg2 {[%emt 0:00:42]} Kf5 {[%emt 0:12:18]} 50. Rc1 {[%emt 0:02:18]} Rh6 {[%emt 0:00:04]} 51. Rh1 {[%emt 0:04:20]} Rxh1 {[%emt 0:00:05]} 52. Kxh1 {[%emt 0:00:04]} c5 {[%emt 0:00:03]} 53. dxc5 {[%emt 0:01:07]} Ke5 {[%emt 0:00:44]} 54. f4+ {[%emt 0:00:32]} exf3 {[%emt 0:00:59]} 55. Bxf3 {[%emt 0:00:12]} Bc8 {[%emt 0:00:03]} 56. Kg2 {[%emt 0:00:40]} d4 {[%emt 0:00:05]} 57. Kf2 {[%emt 0:00:17]} 1-0

[Event "RUS-chT Higher League 2021"]
[Site "Sochi"]
[Date "2021.05.09"]
[Round "8.8"]
[White "Kolmagorov, Alexey"]
[Black "Potapov, Alexander"]
[Result "1/2-1/2"]
[WhiteElo "2129"]
[BlackElo "2424"]
[Annotator "NA"]
[PlyCount "95"]
[EventDate "2021.05.01"]
[EventType "team-tourn"]
[EventCountry "RUS"]
[SourceTitle "playchess.com"]
[Source "ChessBase"]
[SourceQuality "1"]
[TimeControl "40/5400+30:1800+30"]

1. d4 {[%emt 0:00:00]} Nf6 {[%emt 0:00:00]} 2. c4 {[%emt 0:00:00]} e6 {[%emt 0:00:00]} 3. Nf3 {[%emt 0:00:00]} d5 {[%emt 0:00:00]} 4. g3 {[%emt 0:00:00]} dxc4 {[%emt 0:00:16]} 5. Bg2 {[%emt 0:00:04]} Nc6 {[%emt 0:00:16]} 6. Qa4 {[%emt 0:00:47]} Bb4+ {[%emt 0:00:19]} 7. Bd2 {[%emt 0:00:05]} Nd5 {[%emt 0:00:11]} 8. Qb5 {[%emt 0:09:47]} O-O {[%emt 0:05:00]} 9. Qxc4 {[%emt 0:04:00]} a5 {[%emt 0:08:05]} 10. O-O {[%emt 0:03:06]} Re8 {[%emt 0:09:01]} 11. Nc3 {[%emt 0:07:42]} a4 {[%emt 0:08:21]} 12. Rfd1 {[%emt 0:07:21]} a3 {[%emt 0:15:58]} 13. b3 {[%emt 0:01:53]} Bxc3 {[%emt 0:03:26]} 14. Bxc3 {[%emt 0:00:06]} Nxc3 {[%emt 0:01:30]} 15. Qxc3 {[%emt 0:00:14]} Qd6 {[%emt 0:00:12]} 16. Ne5 {[%emt 0:08:44]} Ne7 {[%emt 0:08:36]} 17. Rac1 {[%emt 0:00:59]} Nd5 {[%emt 0:00:31]} 18. Qc5 {[%emt 0:08:01]} Qxc5 {[%emt 0:02:45]} 19. Rxc5 {[%emt 0:07:02]} f6 {[%emt 0:03:19]} 20. Nd3 {[%emt 0:01:19]} c6 {[%emt 0:01:31]} 21. e4 {[%emt 0:01:41]} Ne7 {[%emt 0:02:10]} 22. Rc2 {[%emt 0:07:42]} Rd8 {[%emt 0:01:55]} 23. Nb4 {[%emt 0:02:39]} Ra5 {[%emt 0:01:15]} 24. Rcd2 {[%emt 0:00:55]} f5 {[%emt 0:07:38]} 25. f4 {[%emt 0:08:02]} fxe4 {[%emt 0:01:19]} 26. Bxe4 {[%emt 0:00:03]} Bd7 {[%emt 0:00:16]} 27. Nd3 {[%emt 0:01:58]} Nf5 {[%emt 0:01:54]} 28. Nc5 {[%emt 0:03:35]} Bc8 {[%emt 0:01:55]} 29. Kf2 {[%emt 0:00:40]} Kf7 {[%emt 0:00:54]} 30. g4 {[%emt 0:03:12]} Ne7 {[%emt 0:02:03]} 31. Kf3 {[%emt 0:03:33]} h5 {[%emt 0:01:18]} 32. h3 {[%emt 0:01:09]} Rh8 {[%emt 0:01:34]} 33. Kg3 {[%emt 0:00:31]} Ke8 {[%emt 0:03:37]} 34. Re1 {[%emt 0:01:02]} b6 {[%emt 0:01:36]} 35. Nd3 {[%emt 0:01:36]} g5 {[%emt 0:00:11]} 36. Ne5 {[%emt 0:02:09]} gxf4+ {[%emt 0:00:26]} 37. Kxf4 {[%emt 0:00:13]} hxg4 {[%emt 0:00:16]} 38. hxg4 {[%emt 0:00:33]} Bd7 {[%emt 0:01:53]} 39. Ree2 {[%emt 0:02:03]} Nd5+ {[%emt 0:00:43]} 40. Bxd5 {[%emt 0:00:00]} Rxd5 {[%emt 0:00:00]} 41. Ke4 {[%emt 0:05:54]} Rg8 {[%emt 0:02:04]} 42. Rh2 {[%emt 0:04:34]} Rg7 {[%emt 0:09:45]} 43. Rh8+ {[%emt 0:00:39]} Ke7 {[%emt 0:00:01]} 44. Ra8 {[%emt 0:04:08]} c5 {[%emt 0:06:34]} 45. Ra7 {[%emt 0:01:37]} Ke8 {[%emt 0:07:34]} 46. Ra8+ {[%emt 0:07:06]} Ke7 {[%emt 0:00:09]} 47. Ra7 {[%emt 0:00:03]} Ke8 {[%emt 0:00:08]} 48. Ra8+ {[%emt 0:07:58]} 1/2-1/2

[Event "RUS-chT Higher League 2021"]
[Site "Sochi"]
[Date "2021.05.09"]
[Round "8.9"]
[White "Tekeyev, Zaur"]
[Black "Sveshnikov, Evgeny"]
[Result "1-0"]
[WhiteElo "2396"]
[BlackElo "2478"]
[Annotator "ChessBase"]
[PlyCount "119"]
[EventDate "2021.05.01"]
[EventType "team-tourn"]
[EventCountry "RUS"]
[SourceTitle "playchess.com"]
[Source "ChessBase"]
[SourceQuality "1"]
[TimeControl "40/5400+30:1800+30"]

1. e4 {[%emt 0:00:00]} c5 {[%emt 0:00:00]} 2. Nf3 {[%emt 0:00:00]} Nc6 {[%emt 0:00:00]} 3. c3 {[%emt 0:00:02]} Nf6 {[%emt 0:00:00]} 4. e5 {[%emt 0:00:11]} Nd5 {[%emt 0:00:12]} 5. Bc4 {[%emt 0:00:29]} Nb6 {[%emt 0:01:38]} 6. Bb3 {[%emt 0:00:16]} d5 {[%emt 0:07:40]} 7. exd6 {[%emt 0:00:15]} exd6 {[%emt 0:01:21]} 8. d4 {[%emt 0:02:38]} c4 {[%emt 0:05:57]} 9. Bc2 {[%emt 0:01:27]} Bg4 {[%emt 0:01:26]} 10. O-O {[%emt 0:04:07]} Be7 {[%emt 0:00:54]} 11. Nbd2 {[%emt 0:00:26]} d5 {[%emt 0:01:34]} 12. Re1 {[%emt 0:02:17]} Bh5 {[%emt 0:05:58]} 13. Nf1 {[%emt 0:02:44]} Bg6 {[%emt 0:00:13]} 14. Ng3 {[%emt 0:04:50]} Bxc2 {[%emt 0:06:05]} 15. Qxc2 {[%emt 0:00:33]} O-O {[%emt 0:00:12]} 16. Nf5 {[%emt 0:04:51]} Re8 {[%emt 0:08:11]} 17. Bf4 {[%emt 0:24:54]} Bf8 {[%emt 0:10:45]} 18. h4 {[%emt 0:03:57]} f6 {[%emt 0:02:30]} 19. h5 {[%emt 0:14:19]} Qd7 {[%emt 0:01:16]} 20. N3h4 {[%emt 0:09:23]} Rxe1+ {[%emt 0:04:44]} 21. Rxe1 {[%emt 0:00:02]} Re8 {[%emt 0:00:23]} 22. Be3 {[%emt 0:01:23]} Ne7 {[%emt 0:03:10]} 23. Nxe7+ {[%emt 0:05:56]} Rxe7 {[%emt 0:02:42]} 24. h6 {[%emt 0:06:40]} gxh6 {[%emt 0:07:01]} 25. Nf5 {[%emt 0:01:00]} Re8 {[%emt 0:00:34]} 26. f3 {[%emt 0:00:54]} Nc8 {[%emt 0:00:31]} 27. Kf2 {[%emt 0:00:24]} Nd6 {[%emt 0:13:51]} 28. Ng3 {[%emt 0:00:05]} Qf7 {[%emt 0:01:13]} 29. Qa4 {[%emt 0:05:19]} b5 {[%emt 0:02:39]} 30. Qa5 {[%emt 0:01:32]} h5 {[%emt 0:01:56]} 31. Rh1 {[%emt 0:03:07]} Qe6 {[%emt 0:04:12]} 32. Bd2 {[%emt 0:00:50]} h4 {[%emt 0:00:10]} 33. Rxh4 {[%emt 0:00:28]} Nf5 {[%emt 0:01:53]} 34. Nxf5 {[%emt 0:00:13]} Qxf5 {[%emt 0:00:11]} 35. Qxb5 {[%emt 0:00:23]} Re6 {[%emt 0:00:23]} 36. Rg4+ {[%emt 0:01:09]} Kf7 {[%emt 0:00:02]} 37. Qb7+ {[%emt 0:00:41]} Re7 {[%emt 0:01:04]} 38. Qc6 {[%emt 0:00:15]} Re6 {[%emt 0:01:32]} 39. Qc7+ {[%emt 0:00:22]} Re7 {[%emt 0:00:19]} 40. Qd8 {[%emt 0:00:00]} h5 {[%emt 0:00:00]} 41. Rh4 {[%emt 0:11:41]} Rb7 {[%emt 0:20:50]} 42. Rf4 {[%emt 0:01:20]} Qe6 {[%emt 0:02:15]} 43. Rxf6+ {[%emt 0:00:14]} Qxf6 {[%emt 0:00:02]} 44. Qxd5+ {[%emt 0:00:06]} Kg6 {[%emt 0:00:33]} 45. Qxb7 {[%emt 0:00:23]} Qh4+ {[%emt 0:00:02]} 46. Ke2 {[%emt 0:00:48]} Qh1 {[%emt 0:01:13]} 47. Qe4+ {[%emt 0:01:08]} Kg7 {[%emt 0:01:07]} 48. Qe5+ {[%emt 0:00:16]} Kf7 {[%emt 0:00:34]} 49. Qf5+ {[%emt 0:00:33]} Kg7 {[%emt 0:00:11]} 50. Qg5+ {[%emt 0:02:29]} Kf7 {[%emt 0:00:26]} 51. Be1 {[%emt 0:00:44]} Be7 {[%emt 0:00:35]} 52. Qf5+ {[%emt 0:00:28]} Kg7 {[%emt 0:00:03]} 53. Qh3 {[%emt 0:00:59]} Qg1 {[%emt 0:00:03]} 54. b3 {[%emt 0:03:47]} Bg5 {[%emt 0:01:24]} 55. f4 {[%emt 0:04:02]} Bxf4 {[%emt 0:01:19]} 56. bxc4 {[%emt 0:00:30]} a5 {[%emt 0:00:36]} 57. a4 {[%emt 0:01:27]} Kg6 {[%emt 0:02:32]} 58. c5 {[%emt 0:00:22]} h4 {[%emt 0:00:24]} 59. Qg4+ {[%emt 0:00:13]} Bg5 {[%emt 0:00:04]} 60. Bd2 {[%emt 0:00:30]} 1-0

[Event "RUS-chT Higher League 2021"]
[Site "Sochi"]
[Date "2021.05.09"]
[Round "8.10"]
[White "Balashov, Yuri S"]
[Black "Bykov, Egor"]
[Result "1-0"]
[WhiteElo "2461"]
[BlackElo "2423"]
[Annotator "ChessBase"]
[PlyCount "85"]
[EventDate "2021.05.01"]
[EventType "team-tourn"]
[EventCountry "RUS"]
[SourceTitle "playchess.com"]
[Source "ChessBase"]
[SourceQuality "1"]
[TimeControl "40/5400+30:1800+30"]

1. d4 {[%emt 0:00:00]} Nf6 {[%emt 0:00:00]} 2. c4 {[%emt 0:00:00]} e6 {[%emt 0:00:00]} 3. Nc3 {[%emt 0:00:04]} Bb4 {[%emt 0:00:00]} 4. e3 {[%emt 0:00:17]} O-O {[%emt 0:01:39]} 5. Bd3 {[%emt 0:00:38]} c5 {[%emt 0:01:25]} 6. a3 {[%emt 0:01:25]} Bxc3+ {[%emt 0:00:29]} 7. bxc3 {[%emt 0:00:10]} Nc6 {[%emt 0:01:47]} 8. Nf3 {[%emt 0:00:15]} d6 {[%emt 0:14:45]} 9. e4 {[%emt 0:00:24]} e5 {[%emt 0:00:14]} 10. d5 {[%emt 0:00:11]} Ne7 {[%emt 0:00:14]} 11. h3 {[%emt 0:00:24]} Ng6 {[%emt 0:00:50]} 12. g3 {[%emt 0:00:28]} Qe7 {[%emt 0:06:40]} 13. Be3 {[%emt 0:03:28]} Ne8 {[%emt 0:06:29]} 14. Qc2 {[%emt 0:10:40]} Rb8 {[%emt 0:01:59]} 15. Kf1 {[%emt 0:08:03]} Bd7 {[%emt 0:03:37]} 16. a4 {[%emt 0:00:39]} Nc7 {[%emt 0:05:38]} 17. Kg2 {[%emt 0:03:23]} a6 {[%emt 0:13:55]} 18. Nd2 {[%emt 0:12:37]} b6 {[%emt 0:00:30]} 19. h4 {[%emt 0:01:57]} f6 {[%emt 0:03:04]} 20. h5 {[%emt 0:00:42]} Nh8 {[%emt 0:00:06]} 21. Nf3 {[%emt 0:01:04]} Rb7 {[%emt 0:03:01]} 22. Nh4 {[%emt 0:00:33]} Rfb8 {[%emt 0:02:39]} 23. Qe2 {[%emt 0:03:52]} Nf7 {[%emt 0:05:57]} 24. Qf3 {[%emt 0:02:48]} Ng5 {[%emt 0:02:14]} 25. Nf5 {[%emt 0:01:07]} Qf8 {[%emt 0:00:30]} 26. Qg4 {[%emt 0:01:50]} Bxf5 {[%emt 0:05:25]} 27. Qxf5 {[%emt 0:00:08]} h6 {[%emt 0:02:14]} 28. Be2 {[%emt 0:03:02]} b5 {[%emt 0:07:49]} 29. axb5 {[%emt 0:07:39]} axb5 {[%emt 0:00:30]} 30. cxb5 {[%emt 0:00:30]} Nxb5 {[%emt 0:00:00]} 31. Rhc1 {[%emt 0:00:40]} Nc7 {[%emt 0:01:21]} 32. Bg4 {[%emt 0:02:27]} Qe8 {[%emt 0:02:24]} 33. Ra5 {[%emt 0:03:38]} Nf7 {[%emt 0:03:15]} 34. Rca1 {[%emt 0:01:29]} Nb5 {[%emt 0:01:11]} 35. Bd2 {[%emt 0:00:45]} Nd8 {[%emt 0:01:24]} 36. Ra8 {[%emt 0:00:48]} Qe7 {[%emt 0:03:45]} 37. Qg6 {[%emt 0:06:40]} Qf7 {[%emt 0:00:34]} 38. R1a6 {[%emt 0:01:53]} Qxg6 {[%emt 0:00:50]} 39. hxg6 {[%emt 0:00:08]} Kf8 {[%emt 0:00:35]} 40. c4 {[%emt 0:00:00]} Nd4 {[%emt 0:00:00]} 41. Ba5 {[%emt 0:03:16]} Ke7 {[%emt 0:03:46]} 42. Rxb8 {[%emt 0:00:32]} Rxb8 {[%emt 0:00:01]} 43. Bc7 {[%emt 0:00:20]} 1-0

[Event "RUS-chT Higher League 2021"]
[Site "Sochi"]
[Date "2021.05.09"]
[Round "8.11"]
[White "Utnasunov, Alexander"]
[Black "Kalegin, Evgenij"]
[Result "1/2-1/2"]
[WhiteElo "2442"]
[BlackElo "2414"]
[Annotator "NA"]
[PlyCount "105"]
[EventDate "2021.05.01"]
[EventType "team-tourn"]
[EventCountry "RUS"]
[SourceTitle "playchess.com"]
[Source "ChessBase"]
[SourceQuality "1"]
[TimeControl "40/5400+30:1800+30"]

1. d4 {[%emt 0:00:00]} Nf6 {[%emt 0:00:00]} 2. c4 {[%emt 0:00:00]} g6 {[%emt 0:00:00]} 3. Nc3 {[%emt 0:00:00]} Bg7 {[%emt 0:00:01]} 4. e4 {[%emt 0:00:05]} d6 {[%emt 0:00:03]} 5. f3 {[%emt 0:00:05]} c6 {[%emt 0:00:12]} 6. Be3 {[%emt 0:02:41]} a6 {[%emt 0:00:14]} 7. a4 {[%emt 0:06:07]} a5 {[%emt 0:00:21]} 8. Bd3 {[%emt 0:00:44]} Na6 {[%emt 0:02:13]} 9. Rc1 {[%emt 0:00:20]} O-O {[%emt 0:00:30]} 10. Nge2 {[%emt 0:00:29]} e5 {[%emt 0:02:48]} 11. d5 {[%emt 0:03:48]} Nd7 {[%emt 0:01:00]} 12. O-O {[%emt 0:03:19]} Ndc5 {[%emt 0:01:27]} 13. Bb1 {[%emt 0:00:23]} Qb6 {[%emt 0:14:57]} 14. dxc6 {[%emt 0:04:44]} bxc6 {[%emt 0:00:07]} 15. Qxd6 {[%emt 0:09:16]} Rb8 {[%emt 0:00:55]} 16. Rfd1 {[%emt 0:08:24]} Re8 {[%emt 0:03:06]} 17. Ba2 {[%emt 0:21:58]} Bf8 {[%emt 0:05:19]} 18. Qf6 {[%emt 0:04:34]} Nb4 {[%emt 0:04:35]} 19. Bb1 {[%emt 0:13:21]} Qc7 {[%emt 0:01:53]} 20. Nd5 {[%emt 0:12:29]} cxd5 {[%emt 0:01:27]} 21. cxd5 {[%emt 0:00:03]} Nd7 {[%emt 0:01:12]} 22. Qxf7+ {[%emt 0:00:36]} Kxf7 {[%emt 0:00:07]} 23. Rxc7 {[%emt 0:00:03]} Na6 {[%emt 0:10:11]} 24. Ra7 {[%emt 0:00:30]} Bc5 {[%emt 0:02:17]} 25. Bxc5 {[%emt 0:00:35]} Naxc5 {[%emt 0:00:05]} 26. Ba2 {[%emt 0:04:31]} Nxa4 {[%emt 0:12:25]} 27. Rxa5 {[%emt 0:00:24]} Rxb2 {[%emt 0:05:45]} 28. Rxa4 {[%emt 0:01:54]} Rxe2 {[%emt 0:00:05]} 29. Ra7 {[%emt 0:00:08]} Rb2 {[%emt 0:04:24]} 30. Rc1 {[%emt 0:01:53]} Rb7 {[%emt 0:00:39]} 31. d6+ {[%emt 0:00:28]} Kf6 {[%emt 0:01:56]} 32. Rxb7 {[%emt 0:00:13]} Bxb7 {[%emt 0:00:05]} 33. Rc7 {[%emt 0:00:05]} Bc8 {[%emt 0:00:12]} 34. h4 {[%emt 0:00:09]} g5 {[%emt 0:02:52]} 35. h5 {[%emt 0:00:46]} g4 {[%emt 0:00:10]} 36. fxg4 {[%emt 0:00:09]} Rd8 {[%emt 0:01:46]} 37. Kf2 {[%emt 0:00:31]} Ba6 {[%emt 0:12:26]} 38. Kg3 {[%emt 0:00:41]} Bb5 {[%emt 0:01:37]} 39. Kh4 {[%emt 0:00:17]} h6 {[%emt 0:00:34]} 40. Bd5 {[%emt 0:00:00]} Rb8 {[%emt 0:00:00]} 41. Rc2 {[%emt 0:04:30]} Rb6 {[%emt 0:09:44]} 42. Rf2+ {[%emt 0:02:46]} Kg7 {[%emt 0:00:07]} 43. g5 {[%emt 0:05:02]} hxg5+ {[%emt 0:00:16]} 44. Kxg5 {[%emt 0:00:02]} Rxd6 {[%emt 0:00:11]} 45. g4 {[%emt 0:03:37]} Bd3 {[%emt 0:05:47]} 46. h6+ {[%emt 0:06:09]} Kh8 {[%emt 0:00:49]} 47. Rf3 {[%emt 0:00:10]} Be2 {[%emt 0:05:25]} 48. Rf7 {[%emt 0:02:09]} Bd1 {[%emt 0:08:18]} 49. Kf5 {[%emt 0:03:34]} Rf6+ {[%emt 0:02:40]} 50. Rxf6 {[%emt 0:00:19]} Bxg4+ {[%emt 0:00:10]} 51. Kxg4 {[%emt 0:02:46]} Nxf6+ {[%emt 0:00:04]} 52. Kf5 {[%emt 0:00:03]} Nxe4 {[%emt 0:00:05]} 53. Kxe4 1/2-1/2